| 000 | 00497nam a2200133 4500 | ||
|---|---|---|---|
| 001 | 126370 | ||
| 003 | ES-MaACL | ||
| 007 | t| | ||
| 008 | 070214s1915 mx r ||||1| spa d | ||
| 245 | 0 | 0 | _aRecopilación de las circulares, reglamentos y acuerdos expedidos por las secretarías de estado adscritas a la primera jefatura del ejército constitucionalista. |
| 260 |
_aMéxico : _b[s.n.], _c1915 ( _fImp. de la Secretaría de Gobernación) |
||
| 300 |
_a491 p. ; _c22 cm. |
||
| 852 |
_aES-MaACL _jG-5909 |
||
| 999 |
_c126370 _d126370 |
||